000 00809nam a22002657a 4500
001 BR6004474
003 BR-BrBNA
005 20230928095842.0
007 ta
008 230509b bl.||||| |||| 00| 0 por d
040 _aBR-BrBNA
_bpor
_cBiblioteca Nacional de Agricultura
041 _a(Por)
072 _aE30
090 _ E30 BR6004474
110 1 _aServico Federal de Habitacao e Urbanismo, Rio de Janeiro, GB (Brasil)
_99342
245 1 _aPlano de desenvolvimento local integrado do municipio de Governador Valadares
260 3 _aRio de Janeiro, GB (Brasil):
_c1974.
300 _av. 1-2
650 _aProjeto de Desenvolvimento
650 _aDesenvolvimento Economico
650 _aPlanejamento Economico
650 _aMinas Gerais
909 _a202309
_bLucia
_c55
_dLucia Elande
942 _cBK
999 _c59029
_d59029